000 00519nam a2200181Ia 4500
999 _c5976
_d5976
003 OSt
005 20200106124407.0
008 190216s9999||||xx |||||||||||||| ||und||
020 _a9780074630754
040 _coclc
082 _a332.6
_bCHA/M
100 _a Chandra, Prasanna
_91069
245 0 _aManaging Investments /
_cPrasanna Chandra
260 _bHimalaya Publishing House,
_c1998.
_aNew Delhi:
300 _a392p
651 _xInvestments
942 _cBK
_2ddc
_h332.6
_iCHA/M
_k332.6
_mCHA/M